1906 1073 1417 1401 1230 1326 1723 1546 1144 1164 1395 1655 1620 1624 1564 1353 1643 1691 1615 1366 1139 1054 1275 1423 1337 1537 1934 1386 1469 1567 1902 1502 1347 1604 1284 1806 1663 1285 1462 1358 1295 1532 1086 1782 1929 1589 1269 1375 1284 1578 1951 1992 1244 1551 1985 1505 1805 1508 1956 1448 1640 1714 1128 1525 1069 1981 1486 1632 1248 1436 1092 1512 1978 1789 1310 1817 1273 1860 1621 1814 1487 1709 1765 1704 1524 1245 1081 1514 1777 1993 1539 1037 1340 1212 1281 1650 1820 1742 1700 BCNSPRNW ULIB Ver.6.0+V

เปลี่ยนเป็นภาษาไทย

Change to English
 แสดงรายละเอียดบรรณานุกรม
  กลับหน้าหลัก

Brief Record : Get Marc (ISO 2709) : E-mail record : QR code < ปิดหน้าต่าง
LEADER : 00000nam 2200000uu 4500
001    13399115173
003     ULIB
008    120717s2545||||th 000 0 tha d
020    ^a9743406549
060 04 ^aWS366^bว349ว 2545
245 00 ^aเวชปฏิบัติทางกุมารเวชศาสตร์ /^cนวลอนงค์ วิศิษฏสุนทร ...[และคนอื่นๆ]
250    ^aพิมพ์ครั้งที่ 1
260    ^aกรุงเทพฯ :^bชวนพิมพ์,^c2545
300    ^a410 หน้า :^bภาพประกอบ ;^c26 ซม.
650  7 ^aกุมารเวชศาสตร์
653    ^aผลงานอาจารย์คณะแพทยศาสตร์ศิริราชพยาบาล
700 0  ^aนวลอนงค์ วิศิษฏสุนทร
945    ^p0^l0^i15525
995    ^aกัณชพร
999    ^aใช้งานได้ทุกระบบ
รายการนี้ยังไม่มีแท็ก
คุณยังไม่ได้ล็อกอิน คุณสามารถมีกิจกรรมร่วมกับเว็บไซต์ได้ แต่ต้องล็อกอินก่อน ::
  ล็อกอิน

รายการสื่อสารสนเทศ

ลำดับที่ ประเภท เลขเรียก/บาร์โค้ด สถานที่ สถานะ
- ไม่พบข้อมูล -

รายการใกล้เคียง
    หัวเรื่อง [กุมารเวชศาสตร์]

BibComment


ยังไม่เคยถูกคอมเมนท์

คอมเมนท์ทรัพยากรรายการนี้
  คอมเมนท์: เวชปฏิบัติทางกุม..


 Copyright 2026. Bcnsprnw @Library